Gangguan seksual : pengurusan tingkah laku dan perkembangan gender dalam organisasi

Bibliographic Details
Main Author: Abd. Rahim Abd. Rashid
Format: Book
Published: Kuala Lumpur : Utusan Publications & Distributors Sdn. Bhd. , 2003
Subjects:

MARC

LEADER 00000cam a2200000 7i4500
001 0000063222
005 20030226.0
020 |a 967611362X 
090 0 0 |a 305.42   |b ABD 
100 0 |a Abd. Rahim Abd. Rashid 
245 1 0 |a Gangguan seksual :   |b pengurusan tingkah laku dan perkembangan gender dalam organisasi   |c Abd. Rahim Abd. Rashidr 
260 |a Kuala Lumpur :   |b Utusan Publications & Distributors Sdn. Bhd. ,   |c 2003 
300 |a 226p. ;   |c 21cm. 
500 |a Includes index 
650 0 0 |a Sexual harrassment of women 
650 0 0 |a Women   |x Social conditions 
999 |a 00149011   |b BUKU   |c PINJAMAN   |e PERPUSTAKAAN KOMUNITI PETALING JAYA 
999 |a 00151832   |b BUKU   |c PINJAMAN   |e PERPUSTAKAAN KOMUNITI PETALING JAYA 
999 |a 00171284   |b BUKU   |c PINJAMAN   |e PERPUSTAKAAN KOMUNITI PETALING JAYA 
999 |a 00273834   |b BUKU   |c PINJAMAN   |e PERPUSTAKAAN KOMUNITI CAW TAMAN MEDAN